Majority Christian Countries on a Map - Statistics

General Stats
  • This quiz has been taken 3,699 times
    3,582 since last reset
  • The average score is 109 of 127
Answers on the Map
Answers color-coded by a green-red scale on the quiz's map according to % correct below.
 
Answer Stats
Answer % Correct
United States
99%
Canada
98%
Mexico
97%
United Kingdom
97%
Brazil
96%
France
96%
Russia
96%
Spain
96%
Argentina
95%
Germany
95%
Ireland
95%
Italy
95%
Portugal
95%
Chile
94%
Colombia
94%
Denmark
94%
Finland
94%
Norway
94%
Peru
94%
Poland
94%
Sweden
94%
Australia
93%
Bolivia
93%
Cuba
93%
Iceland
93%
Panama
93%
Paraguay
93%
South Africa
93%
Ukraine
93%
Uruguay
93%
Venezuela
93%
Austria
92%
Belgium
92%
Dominican Republic
92%
Ecuador
92%
Greece
92%
Netherlands
92%
Switzerland
92%
Guatemala
91%
Haiti
91%
Honduras
91%
Latvia
91%
Romania
91%
Bahamas
90%
Belarus
90%
Belize
90%
Costa Rica
90%
Croatia
90%
DR Congo
90%
El Salvador
90%
Guyana
90%
Lithuania
90%
New Zealand
90%
Nicaragua
90%
Slovakia
90%
Suriname
90%
Bulgaria
89%
Hungary
89%
Serbia
89%
Slovenia
89%
Jamaica
88%
Kenya
87%
Madagascar
87%
Republic of the Congo
87%
Angola
86%
Moldova
86%
Namibia
86%
Zimbabwe
86%
Dominica
85%
Ethiopia
85%
Lesotho
85%
Mozambique
85%
Tanzania
85%
Zambia
85%
Botswana
84%
Luxembourg
84%
North Macedonia
84%
Ghana
83%
Nigeria
83%
Philippines
83%
Uganda
83%
Vatican
83%
Cameroon
82%
Eswatini
82%
Fiji
82%
Rwanda
82%
Togo
82%
Central African Republic
81%
Malawi
81%
Malta
81%
Montenegro
81%
Saint Lucia
81%
Trinidad and Tobago
81%
Gabon
80%
Saint Kitts
80%
Armenia
79%
Papua New Guinea
79%
San Marino
79%
Andorra
78%
Barbados
78%
Burundi
78%
Georgia
78%
Liberia
78%
Liechtenstein
78%
Micronesia
78%
Saint Vincent and the Grenadines
78%
Solomon Islands
78%
Cape Verde
77%
Equatorial Guinea
77%
Ivory Coast
77%
Kiribati
77%
Marshall Islands
77%
Samoa
77%
South Sudan
77%
Vanuatu
77%
Antigua and Barbuda
76%
Palau
76%
Tonga
76%
Tuvalu
76%
Nauru
75%
Sao Tome and Principe
75%
Cyprus
74%
Grenada
74%
Monaco
74%
Seychelles
74%
Eritrea
69%
East Timor
58%
No matching quizzes found
Score Distribution
Percent of People with Each Score
Percentile by Number Answered
Your Score History
You have not taken this quiz since the last reset